Lieder, Geister und Tabus : Zum soziokulturellen Wandel der Musiktradition bei den Tao in Taiwan.

Bibliographic Details
Main Author: Lin, Wei-Ya.
Format: eBook
Language:German
Published: Bielefeld : transcript, 2022.
Edition:1st ed.
Series:Kultur und soziale Praxis
Subjects:
Online Access:Click to View
LEADER 01717nam a22003853i 4500
001 EBC6956085
003 MiAaPQ
005 20231204023223.0
006 m o d |
007 cr cnu||||||||
008 231204s2022 xx o ||||0 ger d
020 |a 9783839448557  |q (electronic bk.) 
020 |z 9783837648553 
035 |a (MiAaPQ)EBC6956085 
035 |a (Au-PeEL)EBL6956085 
035 |a (OCoLC)1312155397 
040 |a MiAaPQ  |b eng  |e rda  |e pn  |c MiAaPQ  |d MiAaPQ 
100 1 |a Lin, Wei-Ya. 
245 1 0 |a Lieder, Geister und Tabus :  |b Zum soziokulturellen Wandel der Musiktradition bei den Tao in Taiwan. 
250 |a 1st ed. 
264 1 |a Bielefeld :  |b transcript,  |c 2022. 
264 4 |c Ã2022. 
300 |a 1 online resource (342 pages) 
336 |a text  |b txt  |2 rdacontent 
337 |a computer  |b c  |2 rdamedia 
338 |a online resource  |b cr  |2 rdacarrier 
490 1 |a Kultur und soziale Praxis 
505 0 |a Cover -- Inhalt -- Vorwort und Danksagung -- Einleitung -- 1 Theorien und Methoden -- 2 Die Tao -- 3 Musik im Leben der Tao -- 4 Conclusio -- 5 Quellennachweis, Transkriptionen und Verzeichnisse. 
588 |a Description based on publisher supplied metadata and other sources. 
590 |a Electronic reproduction. Ann Arbor, Michigan : ProQuest Ebook Central, 2023. Available via World Wide Web. Access may be limited to ProQuest Ebook Central affiliated libraries.  
655 4 |a Electronic books. 
776 0 8 |i Print version:  |a Lin, Wei-Ya  |t Lieder, Geister und Tabus  |d Bielefeld : transcript,c2022  |z 9783837648553 
797 2 |a ProQuest (Firm) 
830 0 |a Kultur und soziale Praxis 
856 4 0 |u https://ebookcentral.proquest.com/lib/matrademy/detail.action?docID=6956085  |z Click to View